[Event "37 Open Donostia"]
[Site "?"]
[Date "2014.04.15"]
[Round "6.5"]
[White "Franco Alonso, Alejandro"]
[Black "Bergez, Luc"]
[Result "1/2-1/2"]
[WhiteElo "2508"]
[BlackElo "2368"]
[PlyCount "113"]
[EventDate "2014.??.??"]

1. Nf3 d5 2. c4 c6 3. e3 Nf6 4. Nc3 e6 5. b3 Nbd7 6. Qc2 Bd6 7. Bb2 O-O 8. Rg1
a6 9. g4 b5 10. g5 Ne8 11. h4 Bb7 12. h5 e5 13. Bd3 b4 14. Bxh7+ Kh8 15. Na4 e4
16. Bxe4 dxe4 17. Qxe4 Qe7 18. Qh4 Ne5 19. Nxe5 Bxe5 20. d4 Bc7 21. Nc5 Bc8 22.
O-O-O a5 23. Qh1 a4 24. Qxc6 Ra5 25. g6 Bf5 26. Qd5 Nd6 27. gxf7 axb3 28. h6 g6
29. Qe5+ Qxe5 30. dxe5 Rxc5 31. exd6+ Kh7 32. axb3 Bd8 33. Bd4 Rc6 34. e4 Be6
35. f4 Rxf7 36. f5 gxf5 37. exf5 Bxf5 38. Rg7+ Rxg7 39. hxg7 Bg5+ 40. Kb2 Rxd6
41. Rg1 Rg6 42. Rf1 Bf6 43. Bxf6 Rxf6 44. c5 Kxg7 45. Rf4 Kf7 46. Rxb4 Bd7 47.
Rb6 Rf2+ 48. Kc3 Ke7 49. b4 Rf3+ 50. Kd4 Kd8 51. Ke4 Rh3 52. Ke5 Kc7 53. Kd4
Bc6 54. Kc4 Rh4+ 55. Kc3 Bd5 56. Kd3 Bc6 57. Kc3 1/2-1/2

[Event "37 Open Donostia"]
[Site "?"]
[Date "2014.04.15"]
[Round "6.6"]
[White "Prosviriakov, Vladimir"]
[Black "Pap, Misa"]
[Result "0-1"]
[WhiteElo "2282"]
[BlackElo "2495"]
[PlyCount "84"]
[EventDate "2014.??.??"]

1. e4 e5 2. Nc3 Nf6 3. Bc4 Nc6 4. d3 Na5 5. Qf3 Be7 6. Nge2 O-O 7. h3 c6 8. a4
Nxc4 9. dxc4 d6 10. Bg5 Be6 11. b3 h6 12. Bxf6 Bxf6 13. Rd1 Qe7 14. g4 Bg5 15.
Ng3 g6 16. h4 Bxh4 17. Nf5 gxf5 18. gxf5 Kh7 19. Qh5 Bg5 20. fxe6 fxe6 21. Rxd6
Rad8 22. c5 Qf6 23. Nd1 Rxd6 24. cxd6 Rd8 25. Rh3 Rxd6 26. Rf3 Bf4 27. Rd3 Rxd3
28. cxd3 Qg6 29. Qh4 Qg5 30. Qh3 Qe7 31. Qh5 Kg7 32. Qg4+ Kf7 33. Kf1 Qb4 34.
Qh5+ Ke7 35. Qe2 Qxb3 36. a5 Qa3 37. Nb2 Qxa5 38. Nc4 Qa1+ 39. Kg2 b5 40. Ne3
Qa3 41. Qg4 Kd7 42. Qg7+ Qe7 0-1

[Event "37 Open Donostia"]
[Site "?"]
[Date "2014.04.15"]
[Round "6.7"]
[White "Santos Latasa, Jaime"]
[Black "Silva, Rodriguez Julio"]
[Result "1-0"]
[WhiteElo "2459"]
[BlackElo "2201"]
[PlyCount "89"]
[EventDate "2014.??.??"]

1. c4 e6 2. Nf3 d5 3. b3 Nf6 4. g3 c5 5. Bg2 Nc6 6. O-O d4 7. e3 Be7 8. exd4
cxd4 9. Re1 O-O 10. Bb2 Ne8 11. d3 Nc7 12. Ba3 f6 13. Nh4 Bxa3 14. Nxa3 Qd6 15.
Nc2 a5 16. f4 Bd7 17. Nf3 e5 18. fxe5 fxe5 19. Qd2 Rae8 20. Ng5 Qg6 21. Rf1 Bf5
22. Ne1 h6 23. Ne4 Ne6 24. Nd6 Re7 25. Nxf5 Rxf5 26. Rxf5 Qxf5 27. Be4 Qh5 28.
Nf3 Nc5 29. Bd5+ Kh8 30. Rf1 Nb4 31. Nh4 Nxd5 32. cxd5 Rf7 33. Re1 b6 34. Rxe5
Qg4 35. Kg2 Qd7 36. Qe2 Kh7 37. a4 Rf8 38. Kg1 Qc8 39. Qh5 Nd7 40. Qg6+ Kh8 41.
Nf5 Qc1+ 42. Kg2 Rg8 43. Re8 Qg5 44. Rxg8+ Kxg8 45. Qe6+ 1-0

[Event "37 Open Donostia"]
[Site "?"]
[Date "2014.04.15"]
[Round "6.9"]
[White "Akesson, Ralf"]
[Black "Amores Gago, Javier"]
[Result "1-0"]
[WhiteElo "2444"]
[BlackElo "2174"]
[PlyCount "127"]
[EventDate "2014.??.??"]

1. d4 d5 2. Nf3 Nf6 3. c4 c6 4. e3 e6 5. Bd3 g6 6. O-O Bg7 7. Nc3 O-O 8. Qe2
Nbd7 9. Rd1 b6 10. e4 dxe4 11. Nxe4 Nxe4 12. Qxe4 Bb7 13. Bg5 Qe8 14. Bf4 Qe7
15. Bf1 Rfe8 16. Ne5 Rac8 17. c5 Nxe5 18. dxe5 Qxc5 19. Rd7 Rb8 20. b4 Qf8 21.
b5 Re7 22. Rxe7 Qxe7 23. bxc6 Ba8 24. Rc1 Rd8 25. g3 Qc7 26. Bg2 h6 27. h4 Bf8
28. Be3 Bg7 29. Qc2 Rc8 30. f4 Bf8 31. Qc3 h5 32. Kh2 Be7 33. Qc4 Rd8 34. Rc2
Kg7 35. a4 Kg8 36. Qb5 Kg7 37. Rc1 Rc8 38. Be4 Kg8 39. Qe2 Kg7 40. Bg2 Rd8 41.
Qa6 Bb4 42. Rc2 Kh7 43. Rc4 Bd2 44. Bd4 Kg7 45. Qb5 Kg8 46. Qb2 Ba5 47. Qc2 Kg7
48. Be3 Kg8 49. Bc1 Kg7 50. Qb3 Be1 51. Rc2 a5 52. Ba3 Bb4 53. Bxb4 axb4 54.
Qxb4 Bb7 55. Rb2 Bc8 56. Qxb6 Qxb6 57. Rxb6 Rd4 58. c7 Rc4 59. Bc6 Kf8 60. a5
Ke7 61. a6 Rc2+ 62. Kg1 Ra2 63. Bb7 Kd7 64. Rd6+ 1-0

[Event "37 Open Donostia"]
[Site "?"]
[Date "2014.04.15"]
[Round "6.10"]
[White "Torres Ganuza, Fco. Javier"]
[Black "Argandona Riveiro, Inigo"]
[Result "0-1"]
[WhiteElo "2130"]
[BlackElo "2414"]
[PlyCount "100"]
[EventDate "2014.??.??"]

1. d4 d6 2. Nf3 g6 3. c4 Bg7 4. Nc3 f5 5. e4 Nh6 6. Bd3 O-O 7. O-O f4 8. d5 Bg4
9. Be2 Bxf3 10. Bxf3 g5 11. Bg4 Nxg4 12. Qxg4 h6 13. h4 Qd7 14. Qxd7 Nxd7 15.
hxg5 hxg5 16. Bd2 Nc5 17. Rae1 Nd3 18. Rb1 a6 19. Rfd1 g4 20. Be1 Ne5 21. b3
Rf6 22. Ne2 Kf7 23. Bd2 Rh8 24. Bxf4 Nf3+ 25. gxf3 gxf3 26. Ng3 Rxf4 27. Rd3
Rh3 28. Kf1 Be5 29. Ke1 Rf6 30. Nf1 Rh4 31. Nd2 Bf4 32. Nf1 Bh6 33. Ng3 Rh3 34.
Kd1 Rh2 35. Ke1 Bf4 36. Nf1 Rh3 37. Kd1 Bg5 38. Kc2 Bh4 39. Nd2 Bg5 40. Rg1 Bh6
41. Re1 e5 42. Rg1 Rh2 43. Rf1 Bxd2 44. Kxd2 Rf4 45. Re3 Rg2 46. Ke1 Kg6 47.
Rh1 Rgg4 48. Kf1 Rh4 49. Rg1+ Kf6 50. Ke1 Rxe4 0-1

[Event "37 Open Donostia"]
[Site "?"]
[Date "2014.04.15"]
[Round "6.11"]
[White "Etchegaray, Patrice"]
[Black "Manelidou, Maria"]
[Result "1-0"]
[WhiteElo "2404"]
[BlackElo "2048"]
[PlyCount "75"]
[EventDate "2014.??.??"]

1. e4 e5 2. Nf3 Nc6 3. Bc4 Bc5 4. c3 Nf6 5. d3 O-O 6. Nbd2 d5 7. exd5 Nxd5 8.
O-O Nb6 9. Bb5 Bd6 10. Re1 Bg4 11. h3 Bh5 12. Ne4 a6 13. Bxc6 bxc6 14. Ng3 Bg6
15. d4 exd4 16. Nxd4 Qd7 17. Qf3 Rfe8 18. Bf4 c5 19. Ndf5 Nc4 20. Bxd6 Nxd6 21.
Ne7+ Kf8 22. h4 Bc2 23. h5 h6 24. Re2 Rab8 25. Rae1 Rxb2 26. Ng6+ Bxg6 27.
Rxe8+ Nxe8 28. hxg6 Rb6 29. gxf7 Qxf7 30. Qe3 Nd6 31. Qxc5 Kg8 32. a4 Rb2 33.
Qd4 c5 34. Qxc5 Rd2 35. Qe3 Ra2 36. Qd4 Nc4 37. Nf5 Rd2 38. Qg4 1-0

[Event "37 Open Donostia"]
[Site "?"]
[Date "2014.04.15"]
[Round "6.12"]
[White "Estremera Panos, Sergio"]
[Black "Alfaro Garcia del Cerro, Juan"]
[Result "1-0"]
[WhiteElo "2353"]
[BlackElo "1516"]
[PlyCount "35"]
[EventDate "2014.??.??"]

1. d4 e6 2. e4 b6 3. Nc3 Bb7 4. Nf3 Bb4 5. Bd3 d6 6. O-O Nf6 7. Qe2 Nbd7 8. e5
dxe5 9. dxe5 Bxf3 10. gxf3 Nh5 11. Bb5 Qh4 12. Rd1 Rd8 13. Ne4 Qe7 14. Bg5 f6
15. Rxd7 Rxd7 16. Rd1 fxg5 17. Rxd7 Qf8 18. Qd3 1-0

[Event "37 Open Donostia"]
[Site "?"]
[Date "2014.04.15"]
[Round "6.13"]
[White "Cao Armillas, Jesus"]
[Black "Brito Garcia, Alfredo"]
[Result "0-1"]
[WhiteElo "2151"]
[BlackElo "2314"]
[PlyCount "60"]
[EventDate "2014.??.??"]

1. d4 Nf6 2. c4 g6 3. Nc3 Bg7 4. g3 O-O 5. Bg2 d6 6. Nf3 c6 7. O-O Qa5 8. Qd3
Na6 9. b3 Qh5 10. Bh1 Bf5 11. e4 Nxe4 12. Nxe4 d5 13. Nfd2 dxe4 14. Nxe4 Rad8
15. Bf3 Rxd4 16. Qe3 Rxe4 17. Bxe4 Bxe4 18. Qxe4 Bxa1 19. Qxe7 Bd4 20. Qxb7 Nc5
21. Qxc6 Nd3 22. Qe4 Nxc1 23. Rxc1 Bc5 24. Rc3 Qd1+ 25. Kg2 Bxf2 26. Rf3 Qg1+
27. Kh3 Qf1+ 28. Kh4 Qg2 29. Kg5 Qxh2 30. Qg4 Bb6 0-1

[Event "37 Open Donostia"]
[Site "?"]
[Date "2014.04.15"]
[Round "6.14"]
[White "Gonzalez Pereira, Asier"]
[Black "Leroy, Didier"]
[Result "1/2-1/2"]
[WhiteElo "2035"]
[BlackElo "2307"]
[PlyCount "67"]
[EventDate "2014.??.??"]

1. e4 e5 2. Nf3 Nc6 3. Bb5 Nd4 4. Nxd4 exd4 5. d3 Bc5 6. Qf3 Qf6 7. Nd2 a6 8.
Bc4 b5 9. Bb3 Bb7 10. O-O Qg6 11. Qg3 Qxg3 12. hxg3 Ne7 13. Re1 O-O 14. c3 d6
15. Nf3 dxc3 16. bxc3 h6 17. a4 bxa4 18. Rxa4 a5 19. Ra1 Bb6 20. Re2 Ba6 21. c4
Nc6 22. Bd2 Bb7 23. Ra4 Kh7 24. Bc3 Bc8 25. d4 Bg4 26. c5 dxc5 27. dxc5 Ba7 28.
Bd5 Bd7 29. Bxc6 Bxc6 30. Rxa5 Bb8 31. Ne5 Rxa5 32. Bxa5 Bb5 33. Rd2 c6 34. Nd7
1/2-1/2

[Event "37 Open Donostia"]
[Site "?"]
[Date "2014.04.15"]
[Round "6.15"]
[White "Moya, Mallafre Erik"]
[Black "Diaz Herrero, Alvaro"]
[Result "0-1"]
[WhiteElo "1928"]
[BlackElo "2210"]
[PlyCount "88"]
[EventDate "2014.??.??"]

1. Nf3 Nf6 2. c4 g6 3. Nc3 d5 4. cxd5 Nxd5 5. Qa4+ Nc6 6. Ne5 Qd6 7. d4 Nb6 8.
Qb5 a6 9. Qd3 Nxe5 10. dxe5 Qxe5 11. g3 Qd6 12. Qe4 Bg7 13. Bf4 e5 14. Rd1 Qe7
15. Be3 f5 16. Qc2 Be6 17. Bg2 e4 18. O-O O-O 19. b3 Rfd8 20. h4 h6 21. Qc1 Kh7
22. Bf4 c6 23. Qe3 Nd5 24. Nxd5 cxd5 25. Qb6 d4 26. Rc1 Rd7 27. Rc5 Bd5 28. Rd1
Bc6 29. Rc4 Rad8 30. Bh3 Qf6 31. Rc5 Rd5 32. Rxd5 Bxd5 33. Qc7 Bc6 34. Be5 Qxe5
35. Qxd8 e3 36. f4 Qe4 37. Kh2 Qc2 38. Rg1 Qxe2+ 39. Bg2 d3 40. Kh1 Qg4 41. Kh2
Qe2 42. Kh1 Bxg2+ 43. Rxg2 Qf1+ 44. Kh2 e2 0-1

[Event "37 Open Donostia"]
[Site "?"]
[Date "2014.04.15"]
[Round "6.16"]
[White "Hernandez Lopez, Daniel"]
[Black "Lopez, de Turiso Jose Angel"]
[Result "1/2-1/2"]
[WhiteElo "1916"]
[BlackElo "2179"]
[PlyCount "122"]
[EventDate "2014.??.??"]

1. e4 e5 2. Nf3 Nc6 3. Bb5 a6 4. Ba4 d6 5. O-O Bd7 6. c3 g5 7. d4 g4 8. Ne1 h5
9. f4 Qe7 10. fxe5 dxe5 11. d5 Nb8 12. Nd3 Bxa4 13. Qxa4+ Nd7 14. c4 Bh6 15.
Nc3 Bxc1 16. Raxc1 Ngf6 17. c5 O-O 18. b4 Kg7 19. Qc2 Rh8 20. Rf5 c6 21. Rcf1
Rh6 22. a4 Rf8 23. Qe2 Nh7 24. Nd1 f6 25. Ne3 Qe8 26. b5 axb5 27. axb5 cxb5 28.
c6 bxc6 29. dxc6 Nb8 30. Nxe5 Nxc6 31. Nxc6 Qxc6 32. Rxb5 Re8 33. Nf5+ Kg6 34.
Nxh6 Kxh6 35. Qd2+ Kg6 36. Qb2 Qxe4 37. Rb6 Qe3+ 38. Kh1 Re6 39. Qb1+ Kh6 40.
Rxe6 Qxe6 41. Qf5 Qxf5 42. Rxf5 Kg6 43. Ra5 Ng5 44. Kg1 Kg7 45. Kf2 Kg6 46. Kg3
Ne4+ 47. Kh4 Ng5 48. Rb5 Kh6 49. Rb6 Kg6 50. Rb5 Kh6 51. Rb6 Kg6 52. Rb8 Nf7
53. Rg8+ Kh7 54. Rf8 Kg7 55. Ra8 Kg6 56. Rg8+ Kh7 57. Rf8 Kg7 58. Rxf7+ Kxf7
59. Kxh5 f5 60. Kg5 Ke6 61. Kf4 Kd5 1/2-1/2

[Event "37 Open Donostia"]
[Site "?"]
[Date "2014.04.16"]
[Round "7.1"]
[White "Vazquez Igarza, Renier"]
[Black "Santos Latasa, Jaime"]
[Result "1-0"]
[WhiteElo "2591"]
[BlackElo "2459"]
[PlyCount "188"]
[EventDate "2014.??.??"]

1. Nf3 Nf6 2. c4 e6 3. Nc3 d5 4. d4 dxc4 5. e3 a6 6. a4 c5 7. Bxc4 Nc6 8. O-O
Be7 9. b3 O-O 10. Bb2 cxd4 11. Nxd4 Na5 12. Bd3 Qb6 13. Ne4 Bd7 14. Ba3 Nxe4
15. Bxe7 Rfe8 16. b4 Nc6 17. a5 Qc7 18. Bxe4 Rxe7 19. Rc1 Rc8 20. Qd3 h6 21.
Nxc6 Bxc6 22. Bxc6 bxc6 23. Qxa6 Qb7 24. Qc4 Rb8 25. Rfd1 Qxb4 26. Rd8+ Kh7 27.
Rxb8 Qxb8 28. Qxc6 Ra7 29. Qc2+ g6 30. Qc3 Qd8 31. Ra1 Rc7 32. Qe1 Ra7 33. h3
Qd3 34. Qb4 Ra6 35. Qf4 Kg8 36. Qe5 Qd8 37. Qb5 Qa8 38. Ra4 h5 39. h4 Kg7 40.
Qe5+ Kh7 41. Kh2 Qa7 42. Kg1 Qa8 43. Qf6 Qa7 44. Rf4 Rxa5 45. Qxf7+ Qxf7 46.
Rxf7+ Kh6 47. Re7 Re5 48. Kf1 Re4 49. g3 g5 50. Ke2 gxh4 51. gxh4 Kg6 52. f4
Kf6 53. Rh7 Kg6 54. Rh8 Ra4 55. Rg8+ Kh6 56. Kf3 Rb4 57. Re8 Rb6 58. Ke4 Kg7
59. Re7+ Kf6 60. Rh7 Rb5 61. Rh8 Kg7 62. Ra8 Kf7 63. Ra1 Kf6 64. Rg1 e5 65. Rg5
Rb4+ 66. Kf3 exf4 67. e4 Rb1 68. Rxh5 Rf1+ 69. Kg4 Ke6 70. Rf5 f3 71. Rxf3 Rh1
72. Rf5 Re1 73. Kf4 Rh1 74. Kg5 Rg1+ 75. Kh5 Re1 76. Rf4 Ke5 77. Kg5 Ra1 78. h5
Ra8 79. Rg4 Rg8+ 80. Kh4 Rh8 81. Rg7 Kxe4 82. Kg5 Ra8 83. h6 Ra5+ 84. Kg6 Ra6+
85. Kh5 Ra2 86. Rg5 Kf4 87. Rb5 Rh2+ 88. Kg6 Rg2+ 89. Kf6 Rh2 90. Rb4+ Ke3 91.
Kg5 Ra2 92. Rb6 Ke4 93. h7 Rg2+ 94. Kf6 Kd5 1-0

[Event "37 Open Donostia"]
[Site "?"]
[Date "2014.04.16"]
[Round "7.2"]
[White "Spraggett, Kevin"]
[Black "Moreno Ruiz, Javier"]
[Result "1-0"]
[WhiteElo "2561"]
[BlackElo "2477"]
[PlyCount "137"]
[EventDate "2014.??.??"]

1. e4 c5 2. Nf3 Nc6 3. d4 cxd4 4. Nxd4 g6 5. Nc3 Bg7 6. Be3 Nf6 7. Bc4 Qa5 8.
O-O O-O 9. Bb3 d6 10. h3 Bd7 11. Re1 Rfe8 12. Qe2 Qh5 13. Qd2 Na5 14. Nde2 h6
15. Nf4 Nxb3 16. axb3 Qe5 17. Bxa7 Bc6 18. Nfd5 Bxd5 19. exd5 Qf5 20. Be3 Rxa1
21. Rxa1 Rc8 22. Ra4 b5 23. Rf4 Qh5 24. f3 Ra8 25. Rb4 Ra1+ 26. Kh2 Qf5 27.
Rxb5 Ng4+ 28. hxg4 Be5+ 29. f4 Qxg4 30. Qf2 Qh5+ 31. Kg3 Bf6 32. Qe2 Qh1 33.
Rb8+ Kh7 34. Kf3 Re1 35. Qd2 Qh5+ 36. Kf2 Rh1 37. Bd4 Qh4+ 38. Ke2 Qg4+ 39. Kd3
Rh2 40. Bxf6 exf6 41. Kc4 Rxg2 42. Qe3 g5 43. Qe4+ f5 44. Qd4 Kg6 45. b4 Rxc2
46. Kb3 Qg2 47. fxg5 Rxb2+ 48. Ka4 hxg5 49. Rg8+ Kh5 50. Rh8+ Kg6 51. Rd8 Qg3
52. Rg8+ Kh5 53. Rh8+ Kg6 54. Rg8+ Kh5 55. Qh8+ Kg4 56. Qd4+ Qf4 57. Ne4 Rxb4+
58. Kxb4 fxe4 59. Qg1+ Kf5 60. Kb5 e3 61. Re8 Qf2 62. Qb1+ Kf6 63. Qe4 Qe2+ 64.
Kb6 Qb2+ 65. Kc7 Qc3+ 66. Kxd6 Qa3+ 67. Kc6 Qc3+ 68. Kd7 Qc5 69. Qe5+ 1-0

[Event "37 Open Donostia"]
[Site "?"]
[Date "2014.04.16"]
[Round "7.3"]
[White "Argandona Riveiro, Inigo"]
[Black "Akesson, Ralf"]
[Result "1/2-1/2"]
[WhiteElo "2414"]
[BlackElo "2444"]
[PlyCount "80"]
[EventDate "2014.??.??"]

1. c4 Nf6 2. Nc3 c5 3. Nf3 e6 4. g3 b6 5. Bg2 Bb7 6. O-O Be7 7. d4 cxd4 8. Qxd4
d6 9. Rd1 a6 10. Bg5 Nbd7 11. Qd2 O-O 12. Bf4 Ne8 13. Rac1 Rc8 14. b3 Qc7 15.
Qe3 Qb8 16. Bh3 Rc7 17. g4 b5 18. cxb5 axb5 19. g5 b4 20. Na4 Rxc1 21. Rxc1 Nc7
22. Nd4 Nd5 23. Qd2 Nxf4 24. Qxf4 Qd8 25. Nc6 Bxg5 26. Qxd6 Bxc6 27. Rxc6 Be7
28. Qd4 Nf6 29. Qxd8 Rxd8 30. Rc2 Rd1+ 31. Bf1 Ra1 32. Kg2 g6 33. e3 Kg7 34.
Be2 Ne4 35. Bd3 Nd6 36. Nb6 Bf6 37. Rc6 Ne8 38. Rc8 Nd6 39. Rc6 Ne8 40. Rc8 Nd6
1/2-1/2

[Event "37 Open Donostia"]
[Site "?"]
[Date "2014.04.16"]
[Round "7.4"]
[White "Pap, Misa"]
[Black "Alsina Leal, Daniel"]
[Result "0-1"]
[WhiteElo "2495"]
[BlackElo "2546"]
[PlyCount "146"]
[EventDate "2014.??.??"]

1. e4 c5 2. Nf3 d6 3. d4 cxd4 4. Nxd4 Nf6 5. Nc3 a6 6. Bg5 Nbd7 7. f4 g6 8. Qf3
Bg7 9. O-O-O O-O 10. g4 e5 11. Nde2 b5 12. f5 h6 13. Be3 b4 14. Nd5 Nxd5 15.
Rxd5 Nf6 16. Rd2 Qa5 17. Kb1 Bb7 18. Ng3 d5 19. g5 dxe4 20. Qf2 Ng4 21. Qe2
Nxe3 22. Qxe3 Rad8 23. Rxd8 Rxd8 24. Bc4 Bd5 25. Bb3 h5 26. fxg6 fxg6 27. Qxe4
Kh7 28. Bxd5 Qxd5 29. b3 Qxe4 30. Nxe4 Rd4 31. Re1 Kg8 32. Kb2 Kf7 33. c3 bxc3+
34. Kxc3 a5 35. Nc5 Rg4 36. Ne4 Rg2 37. Rd1 Ke7 38. Nc5 e4+ 39. Kc4 Rc2+ 40.
Kb5 e3 41. Rd7+ Ke8 42. Rd3 e2 43. Re3+ Kf7 44. Ne4 Be5 45. Ng3 Bxg3 46. hxg3
Rxa2 47. Kc4 a4 48. bxa4 Rxa4+ 49. Kd3 e1=Q 50. Rxe1 Ra3+ 51. Kd4 Rxg3 52. Re5
h4 53. Re4 Ra3 54. Rf4+ Ke7 55. Rf6 h3 56. Rxg6 Ra4+ 57. Ke5 Rh4 58. Re6+ Kf7
59. g6+ Kg7 60. Kf5 Rh5+ 61. Kg4 h2 62. Kxh5 h1=Q+ 63. Kg4 Qd5 64. Re3 Kxg6 65.
Rg3 Qe4+ 66. Kh3+ Kf5 67. Kh2 Kf4 68. Rg2 Kf3 69. Kg1 Qh4 70. Rc2 Qd4+ 71. Kh2
Qh8+ 72. Kg1 Qg7+ 73. Kf1 Qa1+ 0-1

[Event "37 Open Donostia"]
[Site "?"]
[Date "2014.04.16"]
[Round "7.5"]
[White "Narciso Dublan, Marc"]
[Black "Navarrete, Espi Samuel"]
[Result "1-0"]
[WhiteElo "2527"]
[BlackElo "2218"]
[PlyCount "79"]
[EventDate "2014.??.??"]

1. d4 Nf6 2. c4 g6 3. Nc3 Bg7 4. e4 d6 5. Be2 O-O 6. Nf3 e5 7. d5 a5 8. Bg5 h6
9. Bh4 Na6 10. Nd2 Qe8 11. O-O Bd7 12. Kh1 Nh7 13. a3 a4 14. Nb5 h5 15. f3 Bh6
16. Bf2 Qd8 17. b4 axb3 18. Nxb3 b6 19. a4 Nc5 20. a5 Nxb3 21. Qxb3 bxa5 22.
Qc3 a4 23. c5 f5 24. cxd6 Bxb5 25. Bxb5 cxd6 26. exf5 gxf5 27. Bc6 Rc8 28. Rxa4
Qg5 29. Qa3 Qg6 30. Bd7 Rc2 31. Be6+ Kh8 32. Qxd6 e4 33. fxe4 Qg4 34. Qg3 Bg7
35. Bxf5 Qe2 36. Kg1 Nf6 37. Bd4 Rg8 38. Ra7 Nd7 39. Qxg7+ Rxg7 40. Ra8+ 1-0

[Event "37 Open Donostia"]
[Site "?"]
[Date "2014.04.16"]
[Round "7.6"]
[White "Brito Garcia, Alfredo"]
[Black "Franco Alonso, Alejandro"]
[Result "1/2-1/2"]
[WhiteElo "2314"]
[BlackElo "2508"]
[PlyCount "91"]
[EventDate "2014.??.??"]

1. Nf3 Nf6 2. d4 e6 3. c4 b6 4. g3 Ba6 5. Qc2 Bb4+ 6. Bd2 Be7 7. Bg2 c6 8. O-O
d5 9. b3 Nbd7 10. Rd1 Rc8 11. Nc3 O-O 12. Bf4 Qe8 13. Ne5 Nxe5 14. dxe5 Nd7 15.
Qd2 Nb8 16. Bg5 Bxg5 17. Qxg5 h6 18. Qf4 Qe7 19. Rac1 Rfd8 20. e3 Qa3 21. c5
bxc5 22. Qa4 Qb4 23. Qxb4 cxb4 24. Na4 Bb5 25. Nc5 Nd7 26. Nxd7 Rxd7 27. Rc5
Rb7 28. Rdc1 Rb6 29. Bf1 a6 30. f4 Kf8 31. Bh3 Ke7 32. Rxd5 cxd5 33. Rxc8 Bd7
34. Rc5 Rc6 35. Rxc6 Bxc6 36. Bf1 a5 37. Bd3 a4 38. bxa4 Bxa4 39. Kf2 f5 40.
exf6+ gxf6 41. e4 dxe4 42. Bxe4 Bb5 43. Bc2 Kd6 44. Bb3 Bd7 45. Ke3 Kc5 46. Ke4
1/2-1/2

[Event "37 Open Donostia"]
[Site "?"]
[Date "2014.04.16"]
[Round "7.7"]
[White "Bergez, Luc"]
[Black "Tratar, Marko"]
[Result "1/2-1/2"]
[WhiteElo "2368"]
[BlackElo "2480"]
[PlyCount "105"]
[EventDate "2014.??.??"]

1. e4 e6 2. d4 d5 3. exd5 exd5 4. Nf3 Bd6 5. c4 Nf6 6. Nc3 O-O 7. cxd5 h6 8.
Be3 Nbd7 9. Bc4 Nb6 10. Bb3 Be7 11. Ne5 Nbxd5 12. Qf3 Be6 13. O-O Nxe3 14. fxe3
Bxb3 15. axb3 c6 16. Nc4 Bb4 17. Rad1 Qe7 18. Ne2 Ne4 19. Ng3 Nxg3 20. Qxg3
Rad8 21. Qe5 Rfe8 22. Qxe7 Rxe7 23. Rf3 f6 24. Ra1 a6 25. Na3 Bd6 26. Nc4 Bb4
27. Na3 Rd5 28. Nc2 Bd6 29. b4 Rb5 30. Ra4 h5 31. h4 Kf7 32. Kf1 Re4 33. g3 Rg4
34. Kf2 Ke6 35. Ra5 g6 36. Kg2 Rxa5 37. bxa5 g5 38. hxg5 Rxg5 39. b4 Rb5 40. e4
Bxb4 41. d5+ Ke5 42. dxc6 Bxa5 43. cxb7 Bc7 44. Rf5+ Kxe4 45. Rxb5 axb5 46. Kh3
Bd6 47. Nb4 f5 48. Kg2 Kd4 49. Na6 Kd5 50. Kh3 Kd4 51. b8=Q Bxb8 52. Nxb8 Ke3
53. Nc6 1/2-1/2

[Event "37 Open Donostia"]
[Site "?"]
[Date "2014.04.16"]
[Round "7.8"]
[White "Cifuentes Parada, Roberto"]
[Black "Estremera Panos, Sergio"]
[Result "1-0"]
[WhiteElo "2458"]
[BlackElo "2353"]
[PlyCount "87"]
[EventDate "2014.??.??"]

1. d4 Nf6 2. Nf3 g6 3. Bg5 Bg7 4. Nbd2 d6 5. c3 h6 6. Bh4 g5 7. Bg3 Nh5 8. e4
e6 9. Bb5+ Nd7 10. Qe2 Qe7 11. O-O-O a6 12. Bd3 b5 13. Kb1 Bb7 14. Nb3 Rb8 15.
c4 bxc4 16. Bxc4 Nxg3 17. hxg3 Nf6 18. Nfd2 d5 19. Bxa6 dxe4 20. Bxb7 Rxb7 21.
Nxe4 O-O 22. f4 Nxe4 23. Qxe4 Rfb8 24. f5 c5 25. dxc5 Qf6 26. Qc2 exf5 27. Rd5
Ra7 28. Rhd1 Rba8 29. Rd6 Qe7 30. a3 Rb8 31. c6 Qe5 32. R6d5 Qf6 33. Rxf5 Qg6
34. g4 Rc7 35. Nd4 Bxd4 36. Rxd4 Rxc6 37. Qd3 Rcc8 38. Rd6 Qg7 39. Rff6 Re8 40.
Ka2 Rf8 41. Qd5 Rfc8 42. a4 Rf8 43. b3 Rfc8 44. Rg6 1-0

[Event "37 Open Donostia"]
[Site "?"]
[Date "2014.04.16"]
[Round "7.9"]
[White "Suarez Garcia, Carlos"]
[Black "Etchegaray, Patrice"]
[Result "1/2-1/2"]
[WhiteElo "2376"]
[BlackElo "2404"]
[PlyCount "53"]
[EventDate "2014.??.??"]

1. Nf3 Nf6 2. c4 g6 3. g3 Bg7 4. Bg2 O-O 5. O-O d6 6. d4 Nc6 7. Nc3 a6 8. Qd3
e5 9. dxe5 Nxe5 10. Nxe5 dxe5 11. Qxd8 Rxd8 12. Bg5 Re8 13. Rac1 h6 14. Be3 c6
15. Na4 Rb8 16. Bb6 Bf5 17. Rfd1 Nd7 18. Bc7 Rbc8 19. Bd6 Be6 20. b4 Bf8 21. a3
Bxd6 22. Rxd6 Kf8 23. c5 Ke7 24. Rcd1 Red8 25. R1d2 Nf6 26. Nb6 Rb8 27. e4
1/2-1/2

[Event "37 Open Donostia"]
[Site "?"]
[Date "2014.04.16"]
[Round "7.10"]
[White "Diaz Herrero, Alvaro"]
[Black "Thomassen, Joachim"]
[Result "1/2-1/2"]
[WhiteElo "2210"]
[BlackElo "2371"]
[PlyCount "107"]
[EventDate "2014.??.??"]

1. e4 c5 2. Nf3 d6 3. d4 cxd4 4. Nxd4 Nf6 5. Nc3 a6 6. h3 e5 7. Nde2 Be6 8. g4
d5 9. exd5 Nxd5 10. Bg2 Nxc3 11. Qxd8+ Kxd8 12. Nxc3 Nc6 13. Be3 Kc7 14. O-O-O
h5 15. g5 f5 16. gxf6 gxf6 17. Bd5 Re8 18. Ne4 f5 19. Nf6 Re7 20. f4 Bg7 21.
Bxe6 Rxe6 22. Rd7+ Kc8 23. Rxg7 Rxf6 24. fxe5 Nxe5 25. Bd4 Re8 26. Rd1 Rd6 27.
Bxe5 Rxd1+ 28. Kxd1 Rxe5 29. Rg5 Re3 30. Rxh5 f4 31. Kd2 Rg3 32. Rf5 Rxh3 33.
Rxf4 Kc7 34. Rf6 Rg3 35. b3 Rh3 36. a4 Rg3 37. Kc1 Rh3 38. Kb2 Rg3 39. Ka3 Rc3
40. Kb2 Rh3 41. a5 Rh5 42. b4 Rh2 43. Kb3 Rh3+ 44. c3 Rg3 45. Rf5 Kb8 46. Rc5
Rg1 47. b5 axb5 48. Rxb5 Ka7 49. Kb4 Rb1+ 50. Kc5 Ra1 51. c4 Ka6 52. Rb6+ Ka7
53. Rb5 Ka6 54. Rb6+ 1/2-1/2

[Event "37 Open Donostia"]
[Site "?"]
[Date "2014.04.16"]
[Round "7.11"]
[White "Leroy, Didier"]
[Black "Marchena Hurtado, Javier"]
[Result "1-0"]
[WhiteElo "2307"]
[BlackElo "2147"]
[PlyCount "71"]
[EventDate "2014.??.??"]

1. d4 Nf6 2. c4 g6 3. g3 Bg7 4. Bg2 O-O 5. Nc3 d6 6. h3 e5 7. dxe5 dxe5 8. Qxd8
Rxd8 9. Bg5 Re8 10. Nb5 Na6 11. O-O-O e4 12. Rd4 Be6 13. Bxe4 Nxe4 14. Rxe4 h6
15. Be3 f5 16. Rh4 g5 17. Rd4 Bxd4 18. Nxd4 Bxc4 19. Nxf5 Kh7 20. g4 Be6 21.
Nd4 Bxa2 22. h4 Kg6 23. hxg5 hxg5 24. Rh5 Re5 25. Ngf3 Rd5 26. Bxg5 Nc5 27.
Rh6+ Kf7 28. Bf6 Nd7 29. Ng5+ Rxg5 30. Bxg5 Rg8 31. f4 Nf8 32. e4 c5 33. Nf5
Ne6 34. Rh7+ Kg6 35. Rxb7 Rh8 36. Nh4+ 1-0

[Event "37 Open Donostia"]
[Site "?"]
[Date "2014.04.16"]
[Round "7.12"]
[White "Pastor Pons, Pedro Maria"]
[Black "Nava Pereda, Carlos"]
[Result "1/2-1/2"]
[WhiteElo "2165"]
[BlackElo "2285"]
[PlyCount "59"]
[EventDate "2014.??.??"]

1. c4 e6 2. Nc3 d5 3. cxd5 exd5 4. d4 c6 5. Bf4 Bd6 6. Bxd6 Qxd6 7. e3 Ne7 8.
Bd3 Bf5 9. Nge2 Bxd3 10. Qxd3 Qg6 11. Nf4 Qxd3 12. Nxd3 Nd7 13. O-O O-O 14. b4
b6 15. Rfc1 Rfc8 16. a4 a5 17. b5 c5 18. dxc5 Nxc5 19. Nxc5 Rxc5 20. Ne2 Rac8
21. Kf1 Kf8 22. Rxc5 Rxc5 23. Rc1 Rxc1+ 24. Nxc1 Ke8 25. Ke2 Kd7 26. Kd3 Kd6
27. Nb3 h5 28. h3 Nf5 29. Nd4 Nxd4 30. exd4 {Ke5 [%clk 0:19:51] Ke4+} 1/2-1/2

[Event "37 Open Donostia"]
[Site "?"]
[Date "2014.04.16"]
[Round "7.13"]
[White "Pedrajas, Estepa Manuel"]
[Black "Prosviriakov, Vladimir"]
[Result "1/2-1/2"]
[WhiteElo "2055"]
[BlackElo "2282"]
[PlyCount "56"]
[EventDate "2014.??.??"]

1. e4 e5 2. Nf3 Nc6 3. Bc4 d6 4. c3 g6 5. d4 Qe7 6. O-O Bg7 7. Bg5 Nf6 8. Nbd2
O-O 9. Re1 h6 10. Bh4 g5 11. Bg3 Bg4 12. dxe5 dxe5 13. Bb5 Nd7 14. Nf1 h5 15.
h3 Be6 16. Ne3 h4 17. Bh2 f6 18. Bc4 Bxc4 19. Nxc4 Nc5 20. Qd5+ Kh7 21. b4 Na4
22. Qd2 Rfd8 23. Qc2 b5 24. Ne3 Nb6 25. Qe2 a6 26. g3 hxg3 27. Bxg3 Qf7 28. h4
Qg6 1/2-1/2

[Event "37 Open Donostia"]
[Site "?"]
[Date "2014.04.16"]
[Round "7.14"]
[White "Calzetta Ruiz, Monica"]
[Black "Torres Ganuza, Fco. Javier"]
[Result "1-0"]
[WhiteElo "2208"]
[BlackElo "2130"]
[PlyCount "39"]
[EventDate "2014.??.??"]

1. e4 e5 2. Nf3 Nc6 3. Bb5 Nd4 4. Nxd4 exd4 5. O-O Bc5 6. Bc4 Bb6 7. d3 Ne7 8.
Qh5 Ng6 9. f4 Qe7 10. Nd2 Qc5 11. f5 Ne5 12. Bb3 Qe7 13. Nf3 d6 14. Nxe5 dxe5
15. Bg5 Qf8 16. Bh4 h6 17. Bg3 Qe7 18. f6 gxf6 19. Bh4 Rh7 20. Rxf6 1-0